[Event "Rome ASR op"]
[Site "Rome"]
[Date "2011.09.29"]
[Round "4"]
[White "Prudenzano, Ruggero"]
[Black "Tosi, Francesco"]
[Result "0-1"]
[WhiteElo "1927"]
[BlackElo "1910"]
[PlyCount "50"]
[EventDate "2011.09.15"]
[EventType "swiss"]
[EventRounds "5"]
[EventCountry "ITA"]
[SourceTitle "EXT 2024"]
[Source "ChessBase"]
[SourceDate "2023.10.10"]
[SourceVersion "1"]
[SourceVersionDate "2023.10.10"]
[SourceQuality "1"]

1. Nf3 c5 2. c4 Nc6 3. Nc3 Nd4 4. e3 Nxf3+ 5. Qxf3 g6 6. b3 Bg7 7. Bb2 d6 8. Be2 Nh6 9. h3 0-0 10. g4 Rb8 11. Rb1 e5 12. Qg3 f5 13. g5 f4 14. Qg2 Nf5 15. h4 Be6 16. Nd5 fxe3 17. dxe3 Qa5+ 18. Bc3 Qxa2 19. Rb2 Qa3 20. Kd2 Nd4 21. Bd1 b5 22. Rb1 bxc4 23. exd4 cxd4 24. Bb2 Qa5+ 25. Bc3 Qxd5 0-1

[Event "Rome ASR op"]
[Site "Rome"]
[Date "2011.09.16"]
[Round "2"]
[White "Prudenzano, Ruggero"]
[Black "Bolla, Vittorio"]
[Result "1-0"]
[WhiteElo "1927"]
[BlackElo "1761"]
[PlyCount "83"]
[EventDate "2011.09.15"]
[EventType "swiss"]
[EventRounds "5"]
[EventCountry "ITA"]
[SourceTitle "EXT 2024"]
[Source "ChessBase"]
[SourceDate "2023.10.10"]
[SourceVersion "1"]
[SourceVersionDate "2023.10.10"]
[SourceQuality "1"]

1. d4 Nf6 2. Nf3 c5 3. c4 e6 4. Nc3 d5 5. Bg5 dxc4 6. d5 Be7 7. e4 Nxd5 8. exd5 Bxg5 9. Bxc4 Bf6 10. 0-0 0-0 11. Ne4 exd5 12. Bxd5 Nc6 13. Bxc6 bxc6 14. Qc2 Bf5 15. Nxf6+ Qxf6 16. Qxc5 Be4 17. Nd2 Bd5 18. Qc2 Rfe8 19. Rfe1 Qg5 20. f3 Re3 21. Kh1 Rae8 22. Rxe3 Qxe3 23. Nf1 Qe5 24. Rc1 h5 25. h3 h4 26. Qf2 Qf4 27. Re1 Rxe1 28. Qxe1 Bxa2 29. Qe8+ Kh7 30. Qxc6 Qc4 31. Qxc4 Bxc4 32. Ne3 Be6 33. Kg1 Kg8 34. f4 f5 35. Kf2 g6 36. Nc2 Kf7 37. Ne1 Bd5 38. Nd3 Kf6 39. Ne1 g5 40. Ke3 g4 41. Kd4 Be4 42. hxg4 1-0

[Event "Rome Nobile Memorial 4th"]
[Site "Rome"]
[Date "2011.01.25"]
[Round "3"]
[White "Maurizio, Antonio"]
[Black "Prudenzano, Ruggero"]
[Result "1-0"]
[WhiteElo "1898"]
[BlackElo "1954"]
[PlyCount "85"]
[EventDate "2011.01.13"]
[EventType "swiss"]
[EventRounds "7"]
[EventCountry "ITA"]
[SourceTitle "EXT 2012"]
[Source "ChessBase"]
[SourceDate "2011.11.24"]
[SourceVersion "1"]
[SourceVersionDate "2011.11.24"]
[SourceQuality "1"]

1. d4 Nf6 2. c4 c5 3. d5 b5 4. cxb5 a6 5. f3 d6 6. e4 Nbd7 7. Nc3 e6 8. bxa6 Bxa6 9. Bxa6 Rxa6 10. Nh3 Be7 11. Nf4 exd5 12. Nfxd5 0-0 13. Nxe7+ Qxe7 14. 0-0 Ne5 15. b3 c4 16. Be3 Rfa8 17. a4 cxb3 18. Qxb3 h5 19. Nb5 Qb7 20. Rfc1 Rb8 21. Qd1 Ne8 22. Nd4 d5 23. Rab1 Qa8 24. Rxb8 Qxb8 25. exd5 Qa8 26. Nb5 Rxa4 27. d6 Rc4 28. d7 Rxc1 29. Bxc1 Qd8 30. dxe8Q+ Qxe8 31. Nd4 Qd8 32. Be3 h4 33. h3 Nc4 34. Bf2 Ne5 35. Qe2 Ng6 36. Qe4 Qg5 37. Qg4 Qc1+ 38. Kh2 Qc7+ 39. Kh1 Qc1+ 40. Bg1 Qe1 41. Nf5 Kh7 42. Qd4 f6 43. Qd7 1-0

[Event "Rome Accademia Autumn"]
[Site "Rome"]
[Date "2010.10.10"]
[Round "4"]
[White "Prudenzano, Ruggero"]
[Black "Maggi, Fabrizio"]
[Result "1/2-1/2"]
[WhiteElo "1929"]
[BlackElo "2130"]
[PlyCount "108"]
[EventDate "2010.10.08"]
[EventType "swiss"]
[EventRounds "5"]
[EventCountry "ITA"]
[SourceTitle "EXT 2024"]
[Source "ChessBase"]
[SourceDate "2023.10.10"]
[SourceVersion "1"]
[SourceVersionDate "2023.10.10"]
[SourceQuality "1"]

1. d4 f5 2. Nf3 Nf6 3. Bg5 d5 4. Bxf6 exf6 5. e3 Be6 6. Bd3 Qd7 7. Nbd2 Nc6 8. c3 Ne7 9. Qb3 c6 10. a4 Nc8 11. Qc2 a5 12. 0-0 Nd6 13. c4 dxc4 14. Nxc4 Nxc4 15. Bxc4 Bd5 16. Bxd5 Qxd5 17. Rfc1 Bb4 18. Nd2 0-0 19. Nc4 Rad8 20. b3 f4 21. Rd1 Rfe8 22. exf4 Qe4 23. Qxe4 Rxe4 24. g3 Rexd4 25. Rxd4 Rxd4 26. Kf1 Rd3 27. Rb1 b5 28. axb5 cxb5 29. Ne3 Kf7 30. Ke2 Rd2+ 31. Kf3 Ke6 32. g4 Rd3 33. Ke4 Rd2 34. f5+ Kd6 35. Rd1 Kc5 36. Rxd2 Bxd2 37. Nc2 a4 38. bxa4 bxa4 39. Kd3 Bc1 40. Kc3 Bf4 41. Kb2 Bxh2 42. Ka3 Kc4 43. Kxa4 Kd3 44. Kb3 Ke2 45. Nd4+ Kxf2 46. Ne6 Kf3 47. g5 Kg4 48. g6 hxg6 49. fxg6 Kf5 50. Nxg7+ Kxg6 51. Ne6 Kf5 52. Nc5 Bg1 53. Nd7 Ke6 54. Nxf6 Kxf6 1/2-1/2

[Event "Rome ASR op"]
[Site "Rome"]
[Date "2010.09.28"]
[Round "3"]
[White "Prudenzano, Ruggero"]
[Black "Sermoneta, Eugenio"]
[Result "1-0"]
[WhiteElo "1929"]
[BlackElo "1781"]
[PlyCount "37"]
[EventDate "2010.09.16"]
[EventType "swiss"]
[EventRounds "5"]
[EventCountry "ITA"]
[SourceTitle "EXT 2024"]
[Source "ChessBase"]
[SourceDate "2023.10.10"]
[SourceVersion "1"]
[SourceVersionDate "2023.10.10"]
[SourceQuality "1"]

1. d4 Nf6 2. c4 e6 3. Nc3 Bb4 4. e3 c5 5. a3 cxd4 6. axb4 dxc3 7. bxc3 0-0 8. Bd3 Nc6 9. Nf3 b6 10. 0-0 Bb7 11. e4 Qc7 12. Qe2 d5 13. e5 Ne4 14. cxd5 Nxc3 15. Bxh7+ Kh8 16. Qc4 Nxd5 17. Qh4 Qe7 18. Bg5 Qxb4 19. Be4+ 1-0

[Event "Rome La Lupa op"]
[Site "Rome"]
[Date "2010.06.17"]
[Round "7"]
[White "Quimi, Marco"]
[Black "Prudenzano, Ruggero"]
[Result "1-0"]
[WhiteElo "2163"]
[BlackElo "1930"]
[PlyCount "69"]
[EventDate "2010.05.09"]
[EventType "swiss"]
[EventRounds "7"]
[EventCountry "ITA"]
[SourceTitle "EXT 2024"]
[Source "ChessBase"]
[SourceDate "2023.10.10"]
[SourceVersion "1"]
[SourceVersionDate "2023.10.10"]
[SourceQuality "1"]

1. e4 c5 2. Nf3 Nf6 3. Nc3 d5 4. exd5 Nxd5 5. Bc4 Nxc3 6. bxc3 Nc6 7. 0-0 e5 8. Re1 Bd6 9. d4 Qc7 10. dxe5 Be7 11. Bf4 0-0 12. Bb3 Be6 13. Qe2 Rad8 14. h4 h6 15. Red1 Qc8 16. Bxe6 Qxe6 17. Qb5 Rd7 18. Rxd7 Qxd7 19. Rb1 b6 20. Qd3 Qe6 21. Qa6 Rd8 22. Re1 Bf8 23. Kh2 Qd7 24. Re3 Qe6 25. Rd3 Re8 26. Qb7 Re7 27. Qa6 Na5 28. Rd8 Rc7 29. Qb5 Nc6 30. Rd2 Be7 31. Qb3 c4 32. Qa4 Bc5 33. Qb5 Re7 34. Rd6 Bxd6 35. exd6 1-0

[Event "Rome La Lupa op"]
[Site "Rome"]
[Date "2010.05.20"]
[Round "3"]
[White "Prudenzano, Ruggero"]
[Black "Marelli, Emanuele"]
[Result "1-0"]
[WhiteElo "1930"]
[BlackElo "1485"]
[PlyCount "59"]
[EventDate "2010.05.09"]
[EventType "swiss"]
[EventRounds "7"]
[EventCountry "ITA"]
[SourceTitle "EXT 2024"]
[Source "ChessBase"]
[SourceDate "2023.10.10"]
[SourceVersion "1"]
[SourceVersionDate "2023.10.10"]
[SourceQuality "1"]

1. Nf3 Nf6 2. c4 e6 3. Nc3 Bb4 4. Qc2 0-0 5. a3 Be7 6. e3 b6 7. b3 Bb7 8. Bb2 d6 9. Be2 Nbd7 10. h4 h6 11. 0-0-0 a5 12. Rdg1 e5 13. g4 Nh7 14. g5 h5 15. Ne4 g6 16. d4 Bxe4 17. Qxe4 Re8 18. dxe5 Bf8 19. Qd5 dxe5 20. Rd1 Bd6 21. Nd2 Qe7 22. Ne4 Rad8 23. Bxh5 Bxa3 24. Bxg6 Bxb2+ 25. Kxb2 Nc5 26. Bxh7+ Kg7 27. Qc6 Nd3+ 28. Rxd3 Rxd3 29. Qh6+ Kh8 30. Bg6+ 1-0

[Event "Rome Accademia Winter"]
[Site "Rome"]
[Date "2010.02.13"]
[Round "2"]
[White "Prudenzano, Ruggero"]
[Black "Napoli, Nicolo"]
[Result "0-1"]
[WhiteElo "1927"]
[BlackElo "2378"]
[PlyCount "158"]
[EventDate "2010.02.12"]
[EventType "swiss"]
[EventRounds "5"]
[EventCountry "ITA"]
[SourceTitle "EXT 2024"]
[Source "ChessBase"]
[SourceDate "2023.10.10"]
[SourceVersion "1"]
[SourceVersionDate "2023.10.10"]
[SourceQuality "1"]

1. Nf3 Nf6 2. c4 d5 3. e3 g6 4. Nc3 Bg7 5. b3 Bg4 6. Be2 dxc4 7. bxc4 Ne4 8. Qb3 Nxc3 9. dxc3 0-0 10. 0-0 Nd7 11. Rd1 Qc8 12. Ba3 Re8 13. h3 Bf5 14. Nd4 Be4 15. Bf3 Bxf3 16. Nxf3 e5 17. c5 e4 18. Nd4 Ne5 19. Rab1 b6 20. Qd5 c6 21. Qb3 b5 22. Bc1 Bf8 23. a4 a6 24. Ba3 Nc4 25. Bb4 Re5 26. Ra1 Rg5 27. Kf1 Rb8 28. axb5 axb5 29. Qa2 Qc7 30. Kg1 Ne5 31. Qe2 Qc8 32. f4 exf3 33. Nxf3 Nxf3+ 34. Qxf3 Bxc5 35. Bxc5 Rxc5 36. Ra7 Qe6 37. Rd6 Qf5 38. Qxf5 Rxf5 39. Rxc6 Re8 40. Ra2 Rxe3 41. Rb2 h5 42. c4 bxc4 43. Rxc4 Re1+ 44. Kh2 Kg7 45. g4 Rfe5 46. gxh5 Rxh5 47. Rc3 Rf5 48. Rbc2 Kh6 49. Kg2 Rg5+ 50. Rg3 Rxg3+ 51. Kxg3 Re3+ 52. Kg2 Kg5 53. Rf2 f5 54. Rf1 Re4 55. Kg3 f4+ 56. Kf3 Re3+ 57. Kg2 Re2+ 58. Kh1 Re3 59. Kg2 Rg3+ 60. Kh2 Kf5 61. Rb1 Re3 62. Rb8 Ke4 63. Rg8 Rg3 64. h4 Kf5 65. h5 g5 66. h6 Rg4 67. Rf8+ Kg6 68. Rg8+ Kxh6 69. Kh3 Rg3+ 70. Kh2 Kh5 71. Rg7 Kg4 72. Rg8 Ra3 73. Rg7 Ra2+ 74. Kg1 f3 75. Kf1 Kf4 76. Rf7+ Kg3 77. Ke1 f2+ 78. Kf1 Ra1+ 79. Ke2 Re1+ 0-1

[Event "Rome Nobile Memorial 3rd"]
[Site "Rome"]
[Date "2010.02.10"]
[Round "5"]
[White "Prudenzano, Ruggero"]
[Black "Marta, Daniele"]
[Result "0-1"]
[WhiteElo "1927"]
[BlackElo "2064"]
[PlyCount "68"]
[EventDate "2010.01.14"]
[EventType "swiss"]
[EventRounds "6"]
[EventCountry "ITA"]
[SourceTitle "EXT 2024"]
[Source "ChessBase"]
[SourceDate "2023.10.10"]
[SourceVersion "1"]
[SourceVersionDate "2023.10.10"]
[SourceQuality "1"]

1. d4 Nf6 2. c4 e6 3. Nc3 c5 4. d5 exd5 5. cxd5 d6 6. Nf3 g6 7. g3 Bg7 8. Bg2 0-0 9. 0-0 Re8 10. h3 a6 11. a4 Nbd7 12. Bf4 Qc7 13. Nd2 Nh5 14. Nc4 Nxf4 15. gxf4 Nb6 16. Ne3 Bd4 17. a5 Nd7 18. Nc4 b5 19. axb6 Nxb6 20. Nd2 Qd8 21. e3 Bg7 22. Qc2 Qh4 23. Nf3 Qh5 24. Ng5 h6 25. Nge4 Bxh3 26. Nxd6 Bxg2 27. Kxg2 Red8 28. Nde4 Nxd5 29. Ng3 Qg4 30. Nce4 Rab8 31. Rxa6 Nxe3+ 32. fxe3 Rxb2 33. Qxb2 Bxb2 34. Rc1 Qc8 0-1

[Event "Rome Accademia op 10"]
[Site "Rome"]
[Date "2008.10.18"]
[Round "2"]
[White "De Leon Cultri Fascetti, Angelo"]
[Black "Prudenzano, Ruggero"]
[Result "1-0"]
[WhiteElo "2142"]
[BlackElo "1925"]
[PlyCount "83"]
[EventDate "2008.10.17"]
[EventType "swiss"]
[EventRounds "5"]
[EventCountry "ITA"]
[SourceTitle "EXT 2011"]
[Source "ChessBase"]
[SourceDate "2010.11.26"]
[SourceVersion "1"]
[SourceVersionDate "2010.11.26"]
[SourceQuality "1"]

1. d4 Nf6 2. Nf3 g6 3. c4 c5 4. d5 b5 5. Bg5 Bg7 6. Qc2 d6 7. Nbd2 bxc4 8. e4 0-0 9. Bxc4 Nbd7 10. 0-0 Rb8 11. Rad1 Ng4 12. b3 Nge5 13. Nxe5 Nxe5 14. f4 Ng4 15. f5 Bd4+ 16. Kh1 Nf2+ 17. Rxf2 Bxf2 18. Nf3 Bd4 19. Nxd4 cxd4 20. Qf2 f6 21. Bc1 g5 22. Rxd4 Kg7 23. Rd3 Bd7 24. Qxa7 Ra8 25. Qf2 Qa5 26. a4 Rfc8 27. Bd2 Qd8 28. h4 h6 29. Qd4 Qe8 30. hxg5 hxg5 31. Rh3 Qf7 32. Bxg5 Rh8 33. Bh4 Rh6 34. Qe3 Rah8 35. g3 Qe8 36. Rh2 Qb8 37. Qc1 Qb4 38. Qd2 Qa3 39. Kg2 Qa1 40. a5 Qb1 41. Qe2 Be8 42. Rh1 1-0

[Event "Rome Accademia op 10"]
[Site "Rome"]
[Date "2008.10.18"]
[Round "3"]
[White "Prudenzano, Ruggero"]
[Black "Vignato, Giovanni"]
[Result "1/2-1/2"]
[WhiteElo "1925"]
[BlackElo "2029"]
[PlyCount "66"]
[EventDate "2008.10.17"]
[EventType "swiss"]
[EventRounds "5"]
[EventCountry "ITA"]
[SourceTitle "EXT 2011"]
[Source "ChessBase"]
[SourceDate "2010.11.26"]
[SourceVersion "1"]
[SourceVersionDate "2010.11.26"]
[SourceQuality "1"]

1. d4 d5 2. c4 e6 3. Nc3 f5 4. Nf3 Nf6 5. g3 c6 6. Qb3 Bd6 7. Bg2 0-0 8. 0-0 Nbd7 9. Bf4 Bxf4 10. gxf4 Ne4 11. e3 Kh8 12. Rad1 h6 13. Kh1 g5 14. Nxe4 fxe4 15. Ne5 Nxe5 16. fxe5 Bd7 17. f3 exf3 18. Rxf3 Rxf3 19. Bxf3 Be8 20. Rf1 Qe7 21. Bg2 Bg6 22. Rf6 Kg7 23. Rxe6 Qxe6 24. Qxb7+ Qf7 25. Qxa8 Be4 26. Kg1 Bxg2 27. Kxg2 g4 28. Kg1 Qf3 29. Qb7+ Kf8 30. Qc8+ Kg7 31. Qd7+ Kg8 32. Qe6+ Kh7 33. Qe7+ Kg6 1/2-1/2

[Event "Rome Accademia op 04"]
[Site "Rome"]
[Date "2008.04.20"]
[Round "5"]
[White "Parrini, Daniele"]
[Black "Prudenzano, Ruggero"]
[Result "1-0"]
[WhiteElo "2054"]
[BlackElo "1926"]
[PlyCount "177"]
[EventDate "2008.04.18"]
[EventType "swiss"]
[EventRounds "5"]
[EventCountry "ITA"]
[SourceTitle "EXT 2011"]
[Source "ChessBase"]
[SourceDate "2010.11.26"]
[SourceVersion "1"]
[SourceVersionDate "2010.11.26"]
[SourceQuality "1"]

1. e4 c5 2. Nf3 Nf6 3. Nc3 d6 4. d4 cxd4 5. Nxd4 a6 6. Be3 e5 7. Nb3 Be6 8. f3 d5 9. exd5 Nxd5 10. Nxd5 Qxd5 11. c4 Qxd1+ 12. Rxd1 Bb4+ 13. Kf2 Nd7 14. Be2 0-0-0 15. Rc1 f5 16. a3 Be7 17. g3 Kb8 18. Rhd1 g5 19. f4 gxf4 20. gxf4 Bh4+ 21. Kf1 Ka8 22. Rd6 Bf7 23. Rcd1 Nb8 24. fxe5 Bg6 25. Bf4 Nc6 26. Nc5 Be7 27. Rxd8+ Rxd8 28. Nd7 a5 29. Nb6+ Ka7 30. Nd5 Bc5 31. Nc7 Rxd1+ 32. Bxd1 Kb8 33. Ne6 Be7 34. Bf3 Bf7 35. Bd5 Bg6 36. Kf2 Bh4+ 37. Ke3 Be7 38. Kd3 Kc8 39. Nd4 Nxd4 40. Kxd4 b6 41. Kc3 Kd8 42. b4 axb4+ 43. axb4 Bh4 44. Be3 Kc7 45. Kb3 Be7 46. Be6 Bh4 47. Kc3 Be1+ 48. Kb3 Bh4 49. b5 Be7 50. Kc3 Ba3 51. Bd4 f4 52. Kd2 Bh5 53. Ke1 Be7 54. Bg8 Bb4+ 55. Kf2 Bg6 56. Kf3 Bd2 57. Bd5 Bh5+ 58. Kg2 Be3 59. Bxe3 fxe3 60. Kf1 h6 61. Be6 Kd8 62. Ke1 Ke7 63. Bd5 Bg4 64. c5 bxc5 65. b6 Kd8 66. e6 Kc8 67. e7 Bh5 68. Bc6 Kb8 69. Bf3 Be8 70. Ke2 Bb5+ 71. Kxe3 Kc8 72. b7+ Kc7 73. Kf4 c4 74. Ke3 c3 75. h4 Kb8 76. Be2 Be8 77. Ba6 Bg6 78. Ke2 Kc7 79. Bd3 Be8 80. Be4 Bb5+ 81. Kd1 Ba4+ 82. Kc1 Kb8 83. Kb1 Be8 84. Kc2 Kc7 85. Kxc3 Bf7 86. Kd4 Kb8 87. Ke5 Kc7 88. Kf6 Be8 89. Kg7 1-0

[Event "Rome Accademia op 04"]
[Site "Rome"]
[Date "2008.04.18"]
[Round "2"]
[White "Prudenzano, Ruggero"]
[Black "Di Mauro, Sebastiano"]
[Result "1-0"]
[WhiteElo "1926"]
[BlackElo "1808"]
[PlyCount "93"]
[EventDate "2008.04.18"]
[EventType "swiss"]
[EventRounds "5"]
[EventCountry "ITA"]
[SourceTitle "EXT 2011"]
[Source "ChessBase"]
[SourceDate "2010.11.26"]
[SourceVersion "1"]
[SourceVersionDate "2010.11.26"]
[SourceQuality "1"]

1. d4 Nf6 2. c4 g6 3. Nc3 Bg7 4. e4 d6 5. Nge2 0-0 6. Ng3 c5 7. d5 b5 8. cxb5 a6 9. a4 axb5 10. Bxb5 Ba6 11. 0-0 Bxb5 12. Nxb5 Na6 13. Bd2 Qb6 14. Bc3 Nc7 15. Qe2 Rab8 16. Nxc7 Qxc7 17. f4 Rb3 18. a5 Qa7 19. Qc4 Rfb8 20. e5 Ng4 21. Rfe1 R8b4 22. Qe2 Rxf4 23. h3 Nxe5 24. Kh1 c4 25. a6 Rb8 26. Qe3 Qxe3 27. Rxe3 e6 28. a7 Ra8 29. dxe6 fxe6 30. Ne2 Rf7 31. Bd4 Re7 32. Ra6 Nf7 33. Rea3 e5 34. Bf2 d5 35. Rb6 Ree8 36. Nc3 d4 37. Ne4 Rec8 38. Bh4 Bf8 39. Ra1 c3 40. bxc3 dxc3 41. Nxc3 Bc5 42. Nd5 Kg7 43. Rb7 Bd4 44. Rf1 Rf8 45. Be7 Rfc8 46. Bd6 Rd8 47. Rfxf7+ 1-0

[Event "Rome Autunno Accademia op"]
[Site "Rome"]
[Date "2007.10.13"]
[Round "4"]
[White "Gasperoni, Claudio"]
[Black "Prudenzano, Ruggero"]
[Result "1/2-1/2"]
[WhiteElo "1841"]
[BlackElo "1808"]
[PlyCount "50"]
[EventDate "2007.10.12"]
[EventType "swiss"]
[EventRounds "5"]
[EventCountry "ITA"]
[SourceTitle "EXT 2010"]
[Source "ChessBase"]
[SourceDate "2010.11.25"]
[SourceVersion "1"]
[SourceVersionDate "2010.11.25"]
[SourceQuality "1"]

1. d4 Nf6 2. Nf3 c5 3. d5 d6 4. Nc3 g6 5. e4 Bg7 6. Bb5+ Bd7 7. a4 0-0 8. h3 Qa5 9. Bd2 Na6 10. Bxd7 Nxd7 11. Nb5 Nb4 12. Nc3 Ne5 13. Nxe5 Bxe5 14. 0-0 Bg7 15. Qc1 Qc7 16. Nd1 e6 17. Ne3 Qe7 18. c3 Na6 19. Nc4 Nc7 20. Re1 Qd7 21. Bf4 b5 22. axb5 Nxb5 23. Bh6 Nc7 24. Bf4 exd5 25. exd5 Nxd5 1/2-1/2

[Event "Rome Autunno Accademia op"]
[Site "Rome"]
[Date "2007.10.13"]
[Round "2"]
[White "Prudenzano, Ruggero"]
[Black "Failli, Riccardo"]
[Result "1/2-1/2"]
[WhiteElo "1808"]
[BlackElo "1961"]
[PlyCount "23"]
[EventDate "2007.10.12"]
[EventType "swiss"]
[EventRounds "5"]
[EventCountry "ITA"]
[SourceTitle "EXT 2010"]
[Source "ChessBase"]
[SourceDate "2010.11.25"]
[SourceVersion "1"]
[SourceVersionDate "2010.11.25"]
[SourceQuality "1"]

1. d4 f5 2. g3 Nf6 3. Bg2 g6 4. c4 Bg7 5. Nc3 0-0 6. Nf3 d6 7. d5 c6 8. 0-0 Bd7 9. Qb3 Qb6 10. Be3 Qxb3 11. axb3 c5 12. Ng5 1/2-1/2

[Event "Rome Accademia op"]
[Site "Rome"]
[Date "2007.02.03"]
[Round "3"]
[White "Gatta, Flavio"]
[Black "Prudenzano, Ruggero"]
[Result "1/2-1/2"]
[WhiteElo "1837"]
[BlackElo "1820"]
[PlyCount "113"]
[EventDate "2007.02.02"]
[EventType "swiss"]
[EventRounds "5"]
[EventCountry "ITA"]
[SourceTitle "EXT 2008"]
[Source "ChessBase"]
[SourceDate "2007.11.25"]
[SourceVersion "1"]
[SourceVersionDate "2007.11.25"]
[SourceQuality "1"]

1. e4 c5 2. Nf3 d6 3. d4 cxd4 4. Nxd4 Nf6 5. Nc3 a6 6. Bc4 e6 7. Bb3 Nbd7 8. 0-0 Nc5 9. Bg5 Be7 10. Qf3 0-0 11. Rfe1 Qc7 12. Qg3 Re8 13. h4 b5 14. a3 Bb7 15. Bxf6 Bxf6 16. Nf3 Bxc3 17. bxc3 Nxe4 18. Qf4 Qxc3 19. Rad1 d5 20. Ne5 Qc7 21. h5 f6 22. Ng6 Qxf4 23. Nxf4 Kf8 24. f3 Nc5 25. Ba2 Rad8 26. Bb1 e5 27. Nd3 Nxd3 28. cxd3 d4 29. Rd2 Rc8 30. Rde2 Rc3 31. f4 Rxa3 32. fxe5 Rxe5 33. Rxe5 fxe5 34. Rxe5 Ra1 35. Re1 Bd5 36. Kf2 Ba2 37. Bxa2 Rxa2+ 38. Kf3 b4 39. Ke4 Rxg2 40. Kxd4 Rg5 41. Kc4 Rxh5 42. Kxb4 Rd5 43. Kc4 Rd7 44. d4 Re7 45. Ra1 Ra7 46. Kc5 a5 47. d5 Ke7 48. d6+ Kd8 49. Rf1 Ke8 50. Re1+ Kd8 51. Kb6 Rf7 52. Kc6 Rf2 53. Ra1 Rc2+ 54. Kd5 h5 55. Rxa5 g5 56. Ke6 Re2+ 57. Kf6 1/2-1/2